000
00306nam a22001337a 4500
008
170524b xxu||||| |||| 00| 0 eng d
020
_a
9780072424430
041
_a
eng
080
_2
3 ED
_a
621
100
_a
27
101
_a
IM
245
_a
MODERN COMPRESSIBLE FLOW
_c
ANDERSON.J.D
942
_2
udc
_c
BK
999
_c
13960
_d
13960